书目信息 |
| 书名: | The Summer Game | |
| 作者: | Roger Angell. | |
| 分册号: | ||
| 分册名: | 出版地: | NEW YORK : |
|
| 出版社: | POPULAR LIBRARY | |
| 出版时间: | c1972. | |
| 页数: | 320 p. ; | |
| 开本: | 20cm. | |
| 丛书名: | ||
| 中图分类号: | ||
| 科图分类号: | ||
| 其他分类号: | G848.1 | |
| 主题词: | ||
| 电子资源: | ||
| 000 | 00367nam 2200145 a 4500 | |
| 001 | E0730360270 | |
| 005 | 20070519083649.87 | |
| 008 | 070519s1972 00010 eng | |
| 020 | @c$1.50. | |
| 040 | @aPFT@beng | |
| 090 | @aG848.1 | |
| 099 | @dG848.1@ex11 | |
| 245 | 1 | @aThe Summer Game / @cRoger Angell. |
| 260 | @aNEW YORK :@bPOPULAR LIBRARY,@cc1972. | |
| 300 | @a320 p. ;@c20cm. | |
| The Summer Game / / Roger Angell.-NEW YORK : : POPULAR LIBRARY, , c1972. |
| 320 p. ; ; 20cm. |
| ISBN $1.50. |
| ● |
| 相关链接 |
|
|
|
|
正题名:The Summer Game
索取号:G848.1/x11
 
预约/预借
| 序号 | 登录号 | 条形码 | 馆藏地/架位号 | 状态 | 备注 |
| 1 | 9982 | 300099827 | 第二样本阅览室/ [索取号:G848.1/x11] | 在馆 |